Loading...
| Current Events | 4 | 27.50 | 100% | 100% | 75% |
| Fine Arts - Classical Music | 4 | 25.00 | 100% | 100% | 50% |
| Fine Arts - Other | 6 | 18.33 | 100% | 83% | 0% |
| Fine Arts - Painting and Sculpture | 7 | 14.29 | 86% | 43% | 14% |
| Geography | 4 | 20.00 | 100% | 75% | 25% |
| History - American | 4 | 17.50 | 100% | 75% | 0% |
| History - European | 3 | 16.67 | 100% | 33% | 33% |
| History - Other | 5 | 14.00 | 80% | 60% | 0% |
| History - World | 9 | 20.00 | 89% | 100% | 11% |
| Literature - Drama | 3 | 13.33 | 100% | 33% | 0% |
| Literature - Long Fiction | 4 | 10.00 | 100% | 0% | 0% |
| Literature - Misc | 1 | 20.00 | 100% | 0% | 100% |
| Literature - Poetry | 2 | 20.00 | 100% | 50% | 50% |
| Literature - Short Fiction | 1 | 10.00 | 100% | 0% | 0% |
| Mythology | 4 | 10.00 | 75% | 25% | 0% |
| Other Academic | 6 | 16.67 | 100% | 50% | 17% |
| Philosophy | 4 | 17.50 | 100% | 50% | 25% |
| Religion | 2 | 10.00 | 100% | 0% | 0% |
| Science - Biology | 5 | 10.00 | 100% | 0% | 0% |
| Science - Chemistry | 6 | 10.00 | 100% | 0% | 0% |
| Science - Other | 4 | 17.50 | 100% | 50% | 25% |
| Science - Physics | 2 | 10.00 | 50% | 50% | 0% |
| Short Fiction and Other | 4 | 22.50 | 100% | 100% | 25% |
| Social Science | 6 | 18.33 | 83% | 83% | 17% |